PRACTICAL PHYSIOLOGY (Record no. 2176)
[ view plain ]
| 000 -LEADER | |
|---|---|
| fixed length control field | 00332nam a2200145Ia 4500 |
| 008 - FIXED-LENGTH DATA ELEMENTS--GENERAL INFORMATION | |
| fixed length control field | 150201s2012 xx 000 0 und d |
| 082 ## - DEWEY DECIMAL CLASSIFICATION NUMBER | |
| Classification number | 612 |
| Item number | P13P |
| 100 ## - MAIN ENTRY--PERSONAL NAME | |
| Personal name | PAL, G.K. |
| 245 ## - TITLE STATEMENT | |
| Title | PRACTICAL PHYSIOLOGY |
| 250 ## - EDITION STATEMENT | |
| Edition statement | 3RD |
| 260 ## - PUBLICATION, DISTRIBUTION, ETC. (IMPRINT) | |
| Name of publisher, distributor, etc. | UNIVERSITIES PRESS |
| Place of publication, distribution, etc. | HYD |
| Date of publication, distribution, etc. | 2012 |
| 300 ## - PHYSICAL DESCRIPTION | |
| Extent | 436 |
| 650 ## - SUBJECT ADDED ENTRY--TOPICAL TERM | |
| Topical term or geographic name as entry element | PHYSIOLOGY |
| 942 ## - ADDED ENTRY ELEMENTS (KOHA) | |
| Source of classification or shelving scheme | Dewey Decimal Classification |
| Koha item type | Books |
| Withdrawn status | Lost status | Source of classification or shelving scheme | Damaged status | Not for loan | Collection code | Home library | Current library | Shelving location | Date acquired | Source of acquisition | Cost, normal purchase price | SGTU | Bill Number | Total Checkouts | Full call number | Barcode | Date last seen | Bill Date | Koha item type |
|---|---|---|---|---|---|---|---|---|---|---|---|---|---|---|---|---|---|---|---|
| Dewey Decimal Classification | NURSING | SGT Medical Library | SGT Medical Library | Text Book | 18/07/2013 | ABC DELHI | 375.00 | SGTU | 3622 | 612 P13P | FN1436 | 09/02/2015 | 18/07/2013 | Books | |||||
| Dewey Decimal Classification | NURSING | SGT Medical Library | SGT Medical Library | Text Book | 18/07/2013 | ABC DELHI | 375.00 | SGTU | 3622 | 612 P13P | FN1437 | 09/02/2015 | 18/07/2013 | Books | |||||
| Dewey Decimal Classification | NURSING | SGT Medical Library | SGT Medical Library | Text Book | 18/07/2013 | ABC DELHI | 375.00 | SGTU | 3622 | 612 P13P | FN1438 | 09/02/2015 | 18/07/2013 | Books | |||||
| Dewey Decimal Classification | NURSING | SGT Medical Library | SGT Medical Library | Text Book | 18/07/2013 | ABC DELHI | 375.00 | SGTU | 3622 | 612 P13P | FN1439 | 09/02/2015 | 18/07/2013 | Books | |||||
| Dewey Decimal Classification | NURSING | SGT Medical Library | SGT Medical Library | Text Book | 18/07/2013 | ABC DELHI | 375.00 | SGTU | 3622 | 612 P13P | FN1440 | 09/02/2015 | 18/07/2013 | Books |